000 00922cab a22001935a 4500
001 L143002
008 080401e20080320xxk f 000 0 eng d
035 _a(Sirsi) u143002
041 0 _aeng
100 1 _aParsley, David
245 0 0 _aWhere the internet lives
260 _c2008
490 0 _aBuilding
_v273(8520) 20 March 2008, 54-56(3)
520 _aLooks at the data centre market and some of the issues influencing the construction of data centres. Emphasises the high costs of building data centres, noting that two thirds of the cost of each data centre is spent on M&E contractors. Key points to consider when building data centres include security, technological requirements, sustainability, and terrorism. Lists the main players in the data centre market and summarises the main requirements of a major build.
590 _aKA
651 4 _aUnited Kingdom
_y
690 _aBUILT ENVIRONMENT
942 _n0
999 _c80009
_d80009